| 000 | 00576nam a22001577a 4500 | ||
|---|---|---|---|
| 999 |
_c528008 _d528008 |
||
| 082 | _a616 | ||
| 100 | _aFatima, Kaneez | ||
| 245 |
_aCharacterization of Pakistani HCV Genotype 3a NS3 Protease: _bHelicase and Development of Robust in-Vitro Serin Protease Assay for Anti-Viral Drug Testing / _cKaneez Fatima |
||
| 260 |
_aIslamabad: _bASAB - NUST, _c2011. |
||
| 300 |
_a227 p.: ill.; _c30cm. |
||
| 942 |
_2ddc _cTHE |
||
| 650 |
_aPh.D Thesis. _919288 |
||
| 700 |
_aMuhammad Ishtiaq Qadri. _919515 |
||